000
00293nam a2200121Ia 4500
008
190216s9999||||xx |||||||||||||| ||und||
100
_a
Abdurahiman O
245
0
_a
Muslim Rajya Charithram
260
_b
Islamic Book Service
_c
1976
300
_a
278p
650
_a
Islamic History
942
_c
BK
999
_c
22075
_d
22075